FINANCE AND MODERNIZATION A TRANSNATIONA (Record no. 19362)

MARC details
000 -LEADER
fixed length control field 00369nam a2200133Ia 4500
008 - FIXED-LENGTH DATA ELEMENTS--GENERAL INFORMATION
fixed length control field 240624s9999 xx 000 0 und d
041 ## - LANGUAGE CODE
Language code of text/sound track or separate title eng
082 ## - DEWEY DECIMAL CLASSIFICATION NUMBER
Classification number 332 FEL
100 ## - MAIN ENTRY--PERSONAL NAME
Personal name FELDMAN GERALD D
245 ## - TITLE STATEMENT
Title FINANCE AND MODERNIZATION A TRANSNATIONA
260 ## - PUBLICATION, DISTRIBUTION, ETC.
Date of publication, distribution, etc. 2008
Place of publication, distribution, etc. England
Name of publisher, distributor, etc. Ashgate Publishing Limited
300 ## - PHYSICAL DESCRIPTION
Extent xviii, : 300 : p. : cm. ; 24
365 ## - TRADE PRICE
Currency code GBP
Price amount 30
Holdings
Withdrawn status Lost status Damaged status Not for loan Home library Current library Shelving location Date acquired Source of acquisition Cost, normal purchase price Full call number Barcode Date last seen Copy number Price effective from Koha item type
        IMTN IMTN Rack 9-A 09/03/2012 IBH 60.00 332 FEL 19362 06/24/2024 91.4 06/24/2024 Books
Designed & Maintained by: LRC IMT Nagpur Contact: lrc@imtnag.ac.in© 2024. All Rights Reserved.